[Event "Keres"]
[Site "Charlesbourg CAN"]
[Date "2010.04.19"]
[Round "5"]
[White "Beaudoin, Stephane"]
[Black "Tremblay, Rejean"]
[Result "0-1"]
[WhiteElo "2087"]
[BlackElo "2241"]
[PlyCount "98"]
[EventDate "2010.03.22"]
[EventType "swiss"]
[EventRounds "5"]
[EventCountry "CAN"]

1. e4 c5 2. Nf3 d6 3. d4 cxd4 4. Nxd4 Nf6 5. Nc3 a6 6. Bc4 e6 7. Bb3 Nbd7 8.
O-O Nc5 9. Qe2 b5 10. Bg5 Bd7 11. Rad1 b4 12. Nd5 Nxb3 13. cxb3 exd5 14. exd5+
Be7 15. Bxf6 gxf6 16. Rfe1 Ra7 17. Qh5 h6 18. Re3 Qb6 19. Qe2 Kf8 20. Qd3 Qc5
21. Qe4 Bd8 22. Rde1 h5 23. h3 Rh6 24. Rg3 h4 25. Rg4 Bxg4 26. Qxg4 Bb6 27. Rd1
Qxd5 28. Qc8+ Bd8 29. Qxd8+ Kg7 30. Qc8 Rh5 31. f4 Qc5 32. Qg4+ Kf8 33. f5 Rh8
34. Kh1 Re7 35. Qf3 a5 36. Qa8+ Re8 37. Qb7 Re5 38. Nf3 Re2 39. Nd4 Re7 40.
Qa8+ Re8 41. Qb7 d5 42. Qd7 Rh5 43. Nf3 Qc2 44. Qxd5 Qxb2 45. Qd6+ Kg7 46. Nxh4
Qc3 47. Nf3 Rxh3+ 48. gxh3 Qxf3+ 49. Kg1 Re2 0-1

[Event "Khalif"]
[Site "Charlesbourg CAN"]
[Date "2010.02.08"]
[Round "1"]
[White "Beaudoin, Stephane"]
[Black "Lapointe, Daniel"]
[Result "1-0"]
[WhiteElo "2059"]
[BlackElo "1915"]
[PlyCount "47"]
[EventDate "2010.02.08"]
[EventType "swiss"]
[EventRounds "5"]
[EventCountry "CAN"]

1. e4 e5 2. f4 d5 3. exd5 e4 4. d3 Qxd5 5. Qe2 Nf6 6. Nc3 Bb4 7. Bd2 Bxc3 8.
Bxc3 Nbd7 9. dxe4 Qe6 10. Qc4 O-O 11. O-O-O Qxc4 12. Bxc4 Nxe4 13. Bd4 Nb6 14.
Bd3 Bf5 15. Nf3 Nd6 16. Bc5 Bxd3 17. Rxd3 Nbc8 18. Re1 b6 19. Bxd6 Nxd6 20. Re7
Rac8 21. Ne5 Nf5 22. Red7 f6 23. Nc6 Rf7 24. g4 1-0

[Event "Khalif"]
[Site "Charlesbourg CAN"]
[Date "2010.02.08"]
[Round "1"]
[White "Gaudreau, Eric"]
[Black "Fecteau, Martin"]
[Result "0-1"]
[WhiteElo "1727"]
[BlackElo "1968"]
[PlyCount "62"]
[EventDate "2010.02.08"]
[EventType "swiss"]
[EventRounds "5"]
[EventCountry "CAN"]

1. e4 e6 2. d4 d5 3. e5 c5 4. c3 f6 5. Nf3 fxe5 6. Nxe5 Nf6 7. Bg5 Bd6 8. Bd3
O-O 9. O-O Nc6 10. Nxc6 bxc6 11. dxc5 Bxc5 12. Qc2 h6 13. Bh4 e5 14. Bg6 Qb6
15. b4 Bd6 16. Nd2 e4 17. c4 Qxb4 18. Rab1 Qa3 19. cxd5 cxd5 20. Rb3 Qa6 21. h3
Be6 22. Rc3 Rac8 23. Rc1 Rxc3 24. Qxc3 Rc8 25. Qb2 Rxc1+ 26. Qxc1 Nd7 27. Qc2
Ne5 28. Bh5 Qd3 29. Qc1 Nc4 30. Nxc4 dxc4 31. Bg6 c3 0-1

[Event "Khalif"]
[Site "Charlesbourg CAN"]
[Date "2010.02.08"]
[Round "1"]
[White "Glode, Martin"]
[Black "Tremblay, Rejean"]
[Result "0-1"]
[WhiteElo "1823"]
[BlackElo "2245"]
[PlyCount "42"]
[EventDate "2010.02.08"]
[EventType "swiss"]
[EventRounds "5"]
[EventCountry "CAN"]

1. e4 c5 2. Nf3 d6 3. c3 Nf6 4. h3 Nc6 5. Bd3 d5 6. e5 Nd7 7. e6 fxe6 8. Ng5
Nf6 9. Bxh7 Nxh7 10. Qh5+ Kd7 11. Nxh7 Kc7 12. d4 cxd4 13. Bf4+ Kb6 14. cxd4 g5
15. Be3 Bg7 16. Qg6 Bxd4 17. Nxg5 Bxe3 18. fxe3 Rg8 19. Qh6 Qd6 20. O-O Qg3 21.
h4 Bd7 0-1

[Event "Khalif"]
[Site "Charlesbourg CAN"]
[Date "2010.02.08"]
[Round "1"]
[White "Lessard, Claude"]
[Black "Levesque, Mathieu"]
[Result "1-0"]
[WhiteElo "2087"]
[BlackElo "1357"]
[PlyCount "53"]
[EventDate "2010.02.08"]
[EventType "swiss"]
[EventRounds "5"]
[EventCountry "CAN"]

1. d4 Nf6 2. Nf3 g6 3. g3 Bg7 4. Bg2 c5 5. O-O cxd4 6. Nxd4 Nc6 7. Nxc6 bxc6 8.
e4 Qc7 9. Nd2 Ba6 10. Re1 O-O 11. Rb1 e5 12. c4 Rad8 13. Qa4 Bb7 14. a3 Ba8 15.
c5 d5 16. cxd6 Rxd6 17. Nc4 Rd7 18. Be3 Rfd8 19. Bh3 Rd3 20. Bxa7 c5 21. Bb6
Qb8 22. Bxd8 Rxd8 23. Qc2 Rd4 24. f3 Nd7 25. Bxd7 Rxd7 26. Rbd1 Rd4 27. Ne3 1-0

[Event "Khalif"]
[Site "Charlesbourg CAN"]
[Date "2010.02.15"]
[Round "2"]
[White "Dube, Daniel"]
[Black "Lessard, Claude"]
[Result "1/2-1/2"]
[WhiteElo "1800"]
[BlackElo "2087"]
[PlyCount "88"]
[EventDate "2010.02.08"]
[EventType "swiss"]
[EventRounds "5"]
[EventCountry "CAN"]

1. Nf3 Nf6 2. g3 b6 3. d4 g6 4. Bg2 Bb7 5. O-O Bg7 6. c4 O-O 7. Nc3 d6 8. Bg5
h6 9. Bxf6 exf6 10. e4 Nd7 11. Qd2 Re8 12. Rfe1 Nf8 13. d5 Ba6 14. Nb5 Nd7 15.
Nfd4 Bxb5 16. cxb5 f5 17. Nc6 Qf6 18. exf5 Qxb2 19. Qxb2 Bxb2 20. Rab1 Bc3 21.
Rxe8+ Rxe8 22. fxg6 fxg6 23. Bh3 Nc5 24. Rc1 Bf6 25. Rc2 Re1+ 26. Kg2 Rd1 27.
Be6+ Kf8 28. Nxa7 Rb1 29. h4 h5 30. Kf3 Kg7 31. Ke2 Kh6 32. Kf3 Be5 33. Bf7 Kg7
34. Be8 Kf6 35. Nc6 Rd1 36. Nb4 Rd4 37. Na6 Rxd5 38. Nxc7 Rd4 39. Bc6 Nd3 40.
Ke2 Nb4 41. Rd2 Rc4 42. Nd5+ Nxd5 43. Bxd5 Rb4 44. Bc6 Bd4 1/2-1/2

[Event "Khalif"]
[Site "Charlesbourg CAN"]
[Date "2010.02.15"]
[Round "2"]
[White "Filiatreault, Michel"]
[Black "Beaudoin, Stephane"]
[Result "1/2-1/2"]
[WhiteElo "1923"]
[BlackElo "2059"]
[PlyCount "108"]
[EventDate "2010.02.08"]
[EventType "swiss"]
[EventRounds "5"]
[EventCountry "CAN"]

1. Nf3 Nf6 2. g3 g6 3. Bg2 Bg7 4. d4 O-O 5. O-O d6 6. Nc3 c6 7. e4 Bg4 8. h3
Bxf3 9. Qxf3 Nbd7 10. Qe2 e5 11. Be3 Nh5 12. Rfd1 Qe7 13. Kh2 Kh8 14. Bf3 Nhf6
15. d5 c5 16. Rab1 Rfc8 17. g4 Ng8 18. g5 f5 19. gxf6 Ndxf6 20. Rg1 Qf8 21. Rg3
Rc7 22. h4 Bh6 23. Bg5 Rf7 24. Kg2 Ne7 25. Rh1 Nh5 26. Bxh5 gxh5 27. Rf3 Bxg5
28. hxg5 Ng6 29. Rxf7 Qxf7 30. Qf3 Nf4+ 31. Kf1 Rg8 32. Rg1 Qd7 33. Ne2 Qh3+
34. Qxh3 Nxh3 35. Rh1 Nxg5 36. Ng3 Rf8 37. Rxh5 Nf3 38. Rh6 Rd8 39. Rf6 Nd4 40.
Rf7 Nxc2 41. Rxb7 Nd4 42. Rxa7 c4 43. Nh5 Rf8 44. Rd7 Nf3 45. Ng3 Ra8 46. Rxd6
Rxa2 47. Rd8+ Kg7 48. d6 Kf7 49. Rb8 Ke6 50. Ke2 Nd4+ 51. Kd2 Kxd6 52. Kc3 Ra1
53. Kxc4 Rc1+ 54. Kd3 Rd1+ 1/2-1/2

[Event "Khalif"]
[Site "Charlesbourg CAN"]
[Date "2010.02.15"]
[Round "2"]
[White "Plante, Rejean"]
[Black "Perron, Jonathan"]
[Result "1-0"]
[WhiteElo "2057"]
[BlackElo "1943"]
[PlyCount "93"]
[EventDate "2010.02.08"]
[EventType "swiss"]
[EventRounds "5"]
[EventCountry "CAN"]

1. d4 Nf6 2. Bg5 e6 3. Nf3 h6 4. Bh4 g5 5. Bg3 Bg7 6. e3 Nh5 7. Be5 f6 8. Bd3
O-O 9. Bg3 Nxg3 10. hxg3 d6 11. Nbd2 Nc6 12. c3 a6 13. e4 f5 14. exf5 exf5 15.
Qb3+ d5 16. O-O-O b5 17. Qc2 Qf6 18. Nb3 f4 19. Rde1 b4 20. Bh7+ Kh8 21. Ne5
bxc3 22. bxc3 Nxe5 23. Rxe5 fxg3 24. fxg3 Qf2 25. Rxd5 Qxg3 26. Be4 Qe3+ 27.
Nd2 Bb7 28. Re5 Bxe5 29. Rxh6+ Kg7 30. Rh7+ Kf6 31. dxe5+ Kxe5 32. Bxb7 Qg1+
33. Kb2 Qb6+ 34. Qb3 Qxb3+ 35. Nxb3 Rf2+ 36. Ka3 Ra7 37. Rxc7 Kf4 38. Rc4+ Kg3
39. Bf3 Rxf3 40. gxf3 Kxf3 41. Nd4+ Kg3 42. Nc6 Rg7 43. Ne5 Kh3 44. Rg4 Rc7 45.
c4 Rg7 46. c5 a5 47. c6 1-0

[Event "Khalif"]
[Site "Charlesbourg CAN"]
[Date "2010.02.15"]
[Round "2"]
[White "Tremblay, Rejean"]
[Black "Poliquin, Yvon"]
[Result "1-0"]
[WhiteElo "2245"]
[BlackElo "1998"]
[PlyCount "59"]
[EventDate "2010.02.08"]
[EventType "swiss"]
[EventRounds "5"]
[EventCountry "CAN"]

1. e4 c5 2. Nf3 d6 3. c3 Nf6 4. Bd3 Nc6 5. O-O a6 6. h3 g6 7. Bc2 Bg7 8. d4 Nd7
9. Na3 b5 10. Be3 Bb7 11. Re1 Qc7 12. Qd2 h6 13. Rad1 Rd8 14. b4 cxb4 15. cxb4
Qb8 16. Bb3 Nf6 17. d5 Ne5 18. Nxe5 dxe5 19. f3 Nh5 20. Bc5 Bf6 21. Nc2 Bg5 22.
Qc3 O-O 23. Ne3 Rc8 24. Ng4 Kh7 25. Qxe5 Qxe5 26. Nxe5 Bh4 27. Re2 Nf4 28. Rc2
Kg7 29. Nd3 Nh5 30. Bd4+ 1-0

[Event "Khalif"]
[Site "Charlesbourg CAN"]
[Date "2010.02.22"]
[Round "3"]
[White "Beaudoin, Stephane"]
[Black "Fecteau, Martin"]
[Result "1-0"]
[WhiteElo "2059"]
[BlackElo "1987"]
[PlyCount "61"]
[EventDate "2010.02.08"]
[EventType "swiss"]
[EventRounds "5"]
[EventCountry "CAN"]

1. e4 e6 2. d4 d5 3. Nc3 Nf6 4. Bg5 Be7 5. e5 Nfd7 6. h4 h6 7. Bxe7 Qxe7 8. Qg4
O-O 9. O-O-O c5 10. f4 f5 11. Qh3 a6 12. Nf3 Nc6 13. g4 fxg4 14. Qxg4 cxd4 15.
Nxd4 Nxd4 16. Rxd4 Re8 17. Rg1 Nf8 18. Rd2 b5 19. Rdg2 Ra7 20. Qh5 Qd8 21. Qxh6
Ree7 22. Bd3 b4 23. Ne2 Qc7 24. Rg5 Qc5 25. R1g2 Qe3+ 26. Kd1 a5 27. f5 Qf3 28.
f6 Qf1+ 29. Kd2 Rf7 30. Rxg7+ Rxg7 31. Rxg7+ 1-0

[Event "Khalif"]
[Site "Charlesbourg CAN"]
[Date "2010.02.22"]
[Round "3"]
[White "Dube, Daniel"]
[Black "Caron, Sebastien"]
[Result "1-0"]
[WhiteElo "1868"]
[BlackElo "1943"]
[PlyCount "73"]
[EventDate "2010.02.08"]
[EventType "swiss"]
[EventRounds "5"]
[EventCountry "CAN"]

1. Nf3 f5 2. e4 fxe4 3. Ng5 Nf6 4. d3 e3 5. Bxe3 e5 6. d4 exd4 7. Bxd4 c6 8.
Nc3 Bb4 9. Be2 O-O 10. Qd3 g6 11. Qc4+ Nd5 12. h4 b5 13. Qb3 Bxc3+ 14. Bxc3 Na6
15. Bd2 Nc5 16. Qg3 Qf6 17. h5 d6 18. hxg6 hxg6 19. Qh4 Qg7 20. Qg3 Nf6 21.
Qxd6 Ncd7 22. O-O-O Re8 23. Bd3 Qe7 24. Qg3 Ne5 25. Bc3 Nxd3+ 26. Rxd3 Bf5 27.
Re3 Qf8 28. Qh4 Nh5 29. g4 Rxe3 30. fxe3 Qc5 31. gxf5 Qxf5 32. Qd4 Qxg5 33.
Qh8+ Kf7 34. Qxa8 Qxe3+ 35. Bd2 Qf3 36. Re1 Qd5 37. Qe8+ 1-0

[Event "Khalif"]
[Site "Charlesbourg CAN"]
[Date "2010.02.22"]
[Round "3"]
[White "Lessard, Claude"]
[Black "Filiatreault, Michel"]
[Result "1-0"]
[WhiteElo "2087"]
[BlackElo "1923"]
[PlyCount "61"]
[EventDate "2010.02.08"]
[EventType "swiss"]
[EventRounds "5"]
[EventCountry "CAN"]

1. e4 d6 2. Nc3 g6 3. Bc4 Bg7 4. Nge2 Nf6 5. O-O O-O 6. d3 Nc6 7. a4 Be6 8.
Bxe6 fxe6 9. f4 a6 10. h3 d5 11. e5 Nd7 12. d4 Na5 13. f5 Rxf5 14. Rxf5 gxf5
15. Nf4 Nf8 16. Nce2 Nc4 17. Nd3 Qe8 18. b3 Nb6 19. Qe1 Nbd7 20. Nef4 Rc8 21.
Be3 Qf7 22. Bf2 Ng6 23. b4 Nxf4 24. Nxf4 b6 25. Qe2 c5 26. bxc5 Nb8 27. cxb6
Rc4 28. Ra3 Bh6 29. Nd3 Qe8 30. Nc5 Qc6 31. Rg3+ 1-0

[Event "Khalif"]
[Site "Charlesbourg CAN"]
[Date "2010.02.22"]
[Round "3"]
[White "Plante, Rejean"]
[Black "Tremblay, Rejean"]
[Result "0-1"]
[WhiteElo "2057"]
[BlackElo "2245"]
[PlyCount "79"]
[EventDate "2010.02.08"]
[EventType "swiss"]
[EventRounds "5"]
[EventCountry "CAN"]

1. d4 Nf6 2. Nf3 g6 3. c4 Bg7 4. Nc3 d5 5. g3 dxc4 6. Qa4+ Nc6 7. Bg2 O-O 8.
Qxc4 Be6 9. Qd3 Nb4 10. Qb1 c5 11. Ng5 Bf5 12. e4 cxd4 13. a3 dxc3 14. axb4 Bd7
15. O-O h6 16. e5 Bf5 17. Qa2 Ng4 18. Nf3 c2 19. h3 Nxe5 20. Nxe5 Bxe5 21. Bxh6
Qd4 22. Bxf8 Rxf8 23. Qxa7 Qxa7 24. Rxa7 Rc8 25. Raa1 b6 26. Rac1 Bxb2 27. Rfe1
Rc3 28. g4 Be6 29. Be4 Bxc1 30. Rxc1 Rxh3 31. f3 f5 32. Kg2 Rh6 33. gxf5 gxf5
34. Bxc2 Rh4 35. Re1 Kf7 36. Rb1 Rd4 37. Kf1 Kf6 38. Ke2 Bc4+ 39. Ke1 e5 40.
Rb2 0-1

[Event "Khalif"]
[Site "Charlesbourg CAN"]
[Date "2010.03.01"]
[Round "4"]
[White "Laflamme, Simon"]
[Black "Plante, Rejean"]
[Result "1-0"]
[WhiteElo "1868"]
[BlackElo "2057"]
[PlyCount "69"]
[EventDate "2010.02.08"]
[EventType "swiss"]
[EventRounds "5"]
[EventCountry "CAN"]

1. e4 c5 2. c3 d5 3. exd5 Qxd5 4. d4 Nf6 5. Be3 cxd4 6. cxd4 e6 7. Nc3 Qd8 8.
Nf3 Be7 9. Bd3 O-O 10. O-O b6 11. Rc1 Bb7 12. Qe2 a6 13. Rc2 Nc6 14. a3 b5 15.
Rfc1 Rc8 16. Ne4 Na5 17. Rxc8 Bxc8 18. b4 Nxe4 19. Bxe4 Nc4 20. Ne5 Nxe3 21.
Nc6 Qd6 22. Nxe7+ Qxe7 23. fxe3 Bb7 24. Qf3 Bxe4 25. Qxe4 a5 26. d5 axb4 27.
axb4 Qd6 28. Rc6 Qd7 29. dxe6 Qd1+ 30. Kf2 fxe6+ 31. Kg3 Qe1+ 32. Kh3 e5 33.
Qxe5 Qxb4 34. Rc7 Rf7 35. Qe6 1-0

[Event "Khalif"]
[Site "Charlesbourg CAN"]
[Date "2010.03.01"]
[Round "4"]
[White "Tremblay, Rejean"]
[Black "Lessard, Claude"]
[Result "0-1"]
[WhiteElo "2245"]
[BlackElo "2087"]
[PlyCount "68"]
[EventDate "2010.02.08"]
[EventType "swiss"]
[EventRounds "5"]
[EventCountry "CAN"]

1. e4 e6 2. d4 d5 3. Nc3 Nf6 4. Bg5 Be7 5. e5 Nfd7 6. Bxe7 Qxe7 7. f4 a6 8. Nf3
c5 9. dxc5 Qxc5 10. Qd2 b5 11. Bd3 Nc6 12. O-O-O Nb6 13. Kb1 Bd7 14. Rhe1 g6
15. h4 O-O-O 16. Ng5 Be8 17. h5 h6 18. Nf3 gxh5 19. f5 b4 20. Bxa6+ Kb8 21. Ne2
Qa5 22. Bd3 Kc7 23. Nc1 Ra8 24. Rh1 Na4 25. Rh4 Bd7 26. Bc4 Nc5 27. Bb3 Rhg8
28. fxe6 Nxb3 29. cxb3 Bxe6 30. Rxh5 Bg4 31. Rxh6 Bf5+ 32. Nd3 Qxa2+ 33. Kc2
Rac8 34. Nfe1 Nd4+ 0-1

[Event "Khalif"]
[Site "Charlesbourg CAN"]
[Date "2010.03.08"]
[Round "5"]
[White "Lessard, Claude"]
[Black "Beaudoin, Stephane"]
[Result "0-1"]
[WhiteElo "2087"]
[BlackElo "2059"]
[PlyCount "60"]
[EventDate "2010.02.08"]
[EventType "swiss"]
[EventRounds "5"]
[EventCountry "CAN"]

1. d4 Nf6 2. Nf3 g6 3. g3 Bg7 4. Bg2 c5 5. c3 O-O 6. O-O cxd4 7. cxd4 d6 8. Nc3
Nc6 9. h3 Bd7 10. e4 Rc8 11. Be3 Na5 12. Nd2 b5 13. f4 b4 14. Ne2 Bb5 15. Rf2
Qb6 16. Rf3 Bxe2 17. Qxe2 Rc2 18. Qd3 Rfc8 19. d5 Qc7 20. Raf1 Nd7 21. e5 Rxb2
22. Ne4 Qc2 23. Qxc2 Rcxc2 24. Bh1 dxe5 25. f5 Nc4 26. fxg6 hxg6 27. Bc1 Rb1
28. Bg5 Rxf1+ 29. Rxf1 f6 30. Bc1 Rxa2 0-1

[Event "Khalif"]
[Site "Charlesbourg CAN"]
[Date "2010.03.08"]
[Round "5"]
[White "Perron, Jonathan"]
[Black "Fecteau, Martin"]
[Result "1-0"]
[WhiteElo "1911"]
[BlackElo "1968"]
[PlyCount "69"]
[EventDate "2010.02.08"]
[EventType "swiss"]
[EventRounds "5"]
[EventCountry "CAN"]

1. e4 c5 2. Nf3 d6 3. Bb5+ Nd7 4. O-O a6 5. Bxd7+ Qxd7 6. c4 g6 7. d4 Bg7 8.
Nc3 cxd4 9. Nd5 Qd8 10. Nxd4 e6 11. Nc3 Nf6 12. Nde2 Qc7 13. Bf4 Ke7 14. c5
Qxc5 15. Rc1 Qb6 16. Qa4 e5 17. Bg5 Be6 18. Qa3 h6 19. Be3 Qd8 20. h3 Nd7 21.
Rfd1 Qb8 22. f4 exf4 23. Nxf4 Be5 24. Ncd5+ Kf8 25. Nc7 Ke7 26. Ncxe6 fxe6 27.
Nxg6+ Kf7 28. Nxh8+ Qxh8 29. Rc7 Ke7 30. Rxb7 Qg7 31. Qa4 Rd8 32. Bb6 Ke8 33.
Bxd8 Kxd8 34. Qc4 Qg3 35. Qc7+ 1-0

[Event "Khalif"]
[Site "Charlesbourg CAN"]
[Date "2010.03.08"]
[Round "5"]
[White "Tremblay, Rejean"]
[Black "Laflamme, Simon"]
[Result "1-0"]
[WhiteElo "2245"]
[BlackElo "1868"]
[PlyCount "51"]
[EventDate "2010.02.08"]
[EventType "swiss"]
[EventRounds "5"]
[EventCountry "CAN"]

1. d4 Nf6 2. c4 g6 3. Nc3 d5 4. Nf3 Bg7 5. Bf4 O-O 6. e3 dxc4 7. Bxc4 c5 8.
dxc5 Qa5 9. O-O Qxc5 10. Bb3 Nc6 11. Rc1 Qa5 12. h3 Bf5 13. Qe2 Rad8 14. e4 Qb4
15. Rfe1 Rd4 16. Nxd4 Nxd4 17. Qc4 Qxc4 18. Bxc4 Bxh3 19. gxh3 Nf3+ 20. Kg2
Nxe1+ 21. Rxe1 Rc8 22. Bb3 Nh5 23. Bd2 Rd8 24. Bg5 Be5 25. Nd5 f6 26. Nxf6+ 1-0

[Event "Labour Day op"]
[Site "Langley CAN"]
[Date "2010.09.04"]
[Round "1.1"]
[White "Zhao, Donovan"]
[Black "Fuentebella, Mayo"]
[Result "0-1"]
[WhiteElo "1708"]
[BlackElo "2336"]
[PlyCount "72"]
[EventDate "2010.09.04"]
[EventType "swiss"]
[EventRounds "6"]
[EventCountry "CAN"]

1. e4 c6 2. d4 d5 3. exd5 cxd5 4. c4 Nf6 5. Nc3 e6 6. Nf3 Nc6 7. Bd3 a6 8. O-O
dxc4 9. Bxc4 b5 10. Bb3 Nb4 11. Bg5 Bb7 12. a3 Nbd5 13. Nxd5 Bxd5 14. Bxf6 gxf6
15. Rc1 Rg8 16. Kh1 Be7 17. Bxd5 Qxd5 18. Qc2 Bd6 19. Qc6+ Qxc6 20. Rxc6 Kd7
21. Rc2 Rac8 22. Rfc1 Bf4 23. Rxc8 Rxc8 24. Rxc8 Kxc8 25. Ne1 Kb7 26. Nd3 Bd6
27. Nc5+ Kc6 28. Ne4 Be7 29. Nc3 f5 30. Kg1 Bf6 31. Ne2 Kd5 32. b3 Bxd4 33. Kf1
Ke4 34. Ke1 Kd3 35. f3 Be5 36. h3 Kc2 0-1

[Event "Labour Day op"]
[Site "Langley CAN"]
[Date "2010.09.04"]
[Round "1.2"]
[White "MacKay, Ian"]
[Black "Hamm, Robert"]
[Result "1-0"]
[WhiteElo "2316"]
[BlackElo "1665"]
[PlyCount "73"]
[EventDate "2010.09.04"]
[EventType "swiss"]
[EventRounds "6"]
[EventCountry "CAN"]

1. d4 Nf6 2. c4 g6 3. Nc3 Bg7 4. e4 d6 5. Be2 e5 6. Nf3 Nbd7 7. Be3 O-O 8. Qd2
Re8 9. d5 Nc5 10. Qc2 a5 11. O-O b6 12. Nd2 Ng4 13. Bxg4 Bxg4 14. a3 Bd7 15. b4
axb4 16. axb4 Nb7 17. Nb5 Rxa1 18. Rxa1 c5 19. Ra7 Bxb5 20. cxb5 Qb8 21. Ra6
Qc7 22. Bxc5 Nxc5 23. bxc5 Rc8 24. Ra4 dxc5 25. Nc4 Bf8 26. Ra6 Rb8 27. Qa4 Kg7
28. Ra7 Rb7 29. Rxb7 Qxb7 30. Qa6 Qd7 31. h3 f5 32. Qxb6 fxe4 33. d6 e3 34.
fxe3 Qe6 35. Qxc5 e4 36. b6 Qd7 37. Qc7 1-0

[Event "Labour Day op"]
[Site "Langley CAN"]
[Date "2010.09.04"]
[Round "1.3"]
[White "Sullivan, Brian"]
[Black "Wu, Howard"]
[Result "0-1"]
[WhiteElo "1660"]
[BlackElo "2214"]
[PlyCount "70"]
[EventDate "2010.09.04"]
[EventType "swiss"]
[EventRounds "6"]
[EventCountry "CAN"]

1. d4 d5 2. c4 c6 3. Nf3 Nf6 4. Nc3 dxc4 5. a4 Bf5 6. e3 e6 7. Bxc4 Nbd7 8. O-O
Bb4 9. Bd2 O-O 10. Qe2 Bg6 11. h3 a5 12. Rfd1 Qe7 13. Rac1 Rfd8 14. Be1 Nb6 15.
Ne5 Bxc3 16. Nxg6 hxg6 17. bxc3 Nxa4 18. f3 Nd5 19. Bb3 Nab6 20. c4 Nf6 21. Bh4
a4 22. Ba2 e5 23. Qb2 Nbd7 24. d5 Nc5 25. e4 a3 26. Qb4 Ra4 27. d6 Rxd6 28. Qc3
Ra8 29. Bf2 Na4 30. Qc2 Rxd1+ 31. Rxd1 Nb2 32. Rd2 Rd8 33. Rxd8+ Qxd8 34. Kh2
Qd3 35. Qxd3 Nxd3 0-1

[Event "Labour Day op"]
[Site "Langley CAN"]
[Date "2010.09.04"]
[Round "1.4"]
[White "Sohal, Tanraj"]
[Black "Sly, Douglas"]
[Result "1-0"]
[WhiteElo "2165"]
[BlackElo "1629"]
[PlyCount "60"]
[EventDate "2010.09.04"]
[EventType "swiss"]
[EventRounds "6"]
[EventCountry "CAN"]

1. d4 d6 2. c4 c6 3. Nc3 Nf6 4. e4 e5 5. f3 Be7 6. Be3 O-O 7. Nge2 Bd7 8. g4
Ne8 9. Qd2 b5 10. Ng3 g6 11. cxb5 Qa5 12. bxc6 Nxc6 13. dxe5 Nxe5 14. Be2 Rb8
15. O-O Ng7 16. Nd5 Bd8 17. Nf6+ Kh8 18. Qxa5 Bxa5 19. f4 Rxb2 20. fxe5 Be6 21.
exd6 Bxa2 22. Bd4 Rd2 23. Be3 Bb6 24. Bxb6 axb6 25. Rfd1 Rb2 26. d7 Ne6 27. Ne8
Nd8 28. Rac1 b5 29. Rc8 b4 30. Rxd8 Be6 1-0

[Event "Labour Day op"]
[Site "Langley CAN"]
[Date "2010.09.04"]
[Round "1.6"]
[White "Moore, David"]
[Black "Paulson, Stewart"]
[Result "1-0"]
[WhiteElo "2070"]
[BlackElo "1500"]
[PlyCount "69"]
[EventDate "2010.09.04"]
[EventType "swiss"]
[EventRounds "6"]
[EventCountry "CAN"]

1. e4 e5 2. Nf3 d6 3. d4 exd4 4. Nxd4 g6 5. Bc4 Nf6 6. Nc3 Bg7 7. O-O O-O 8.
Bg5 Nbd7 9. Qd2 Ne5 10. Be2 Be6 11. Nxe6 fxe6 12. Rad1 a6 13. Kh1 b5 14. a3 Qb8
15. f3 Nf7 16. Be3 Ne5 17. b3 Nf7 18. f4 b4 19. axb4 Qxb4 20. Bc4 Ng4 21. Bd4
Bxd4 22. Qxd4 c5 23. Qd3 e5 24. Nd5 Qb7 25. Qg3 h5 26. h3 h4 27. Qxg4 Kg7 28.
f5 g5 29. f6+ Kh6 30. Be2 Kh7 31. Qf5+ Kh6 32. Ne7 Nh8 33. Qg4 Rxf6 34. Rxf6+
Kg7 35. Qxg5+ 1-0

[Event "Labour Day op"]
[Site "Langley CAN"]
[Date "2010.09.04"]
[Round "1.8"]
[White "Pitre, Hanniegn"]
[Black "Cao, Jason"]
[Result "0-1"]
[WhiteElo "1953"]
[BlackElo "1464"]
[PlyCount "97"]
[EventDate "2010.09.04"]
[EventType "swiss"]
[EventRounds "6"]
[EventCountry "CAN"]

1. e4 c5 2. Nf3 d6 3. d4 cxd4 4. Nxd4 Nf6 5. Nc3 a6 6. Bg5 e6 7. f4 Nbd7 8. Qf3
Qc7 9. O-O-O Be7 10. g4 b5 11. Bh3 Bb7 12. Rhe1 O-O-O 13. a3 Kb8 14. Bxf6 gxf6
15. g5 fxg5 16. Bxe6 fxe6 17. Nxe6 Qc8 18. Nd5 Bxd5 19. exd5 Bf6 20. fxg5 Be5
21. h4 Rde8 22. Qf5 Nc5 23. Rxe5 dxe5 24. Qxe5+ Kb7 25. Qg7+ Nd7 26. a4 bxa4
27. Rd3 Kb8 28. Qd4 Qb7 29. Qxa4 Nb6 30. Qf4+ Ka7 31. Qf2 Qe7 32. Rb3 Qd6 33.
c4 Rc8 34. c5 Nxd5 35. Qf7+ Qe7 36. Rf3 Qxf7 37. Rxf7+ Kb8 38. Rd7 Nc7 39. Nd4
Rce8 40. Nc6+ Kc8 41. Rg7 Re4 42. Ne7+ Kb7 43. c6+ Kb6 44. h5 Ne6 45. h6 Re8
46. Nd5+ Kxc6 47. Nf6 Nxg7 48. hxg7 R4e5 49. Nxh7 0-1

[Event "Labour Day op"]
[Site "Langley CAN"]
[Date "2010.09.04"]
[Round "1.9"]
[White "Straka, Petr"]
[Black "Cheng, Jack"]
[Result "0-1"]
[WhiteElo "1360"]
[BlackElo "1937"]
[PlyCount "86"]
[EventDate "2010.09.04"]
[EventType "swiss"]
[EventRounds "6"]
[EventCountry "CAN"]

1. d4 Nf6 2. c4 g6 3. Nc3 Bg7 4. e3 O-O 5. Nf3 d6 6. Be2 Nbd7 7. O-O e5 8. e4
exd4 9. Nxd4 Nc5 10. f3 a5 11. Be3 Re8 12. Bg5 h6 13. Be3 Bd7 14. Qd2 Kh7 15.
Kf2 Rxe4 16. Rh1 Re8 17. Rag1 Ne6 18. h4 Nxd4 19. Bxd4 c5 20. Be3 Bc6 21. Bd3
Nd7 22. h5 Rxe3 23. hxg6+ fxg6 24. Qxe3 Bd4 25. Rxh6+ Kg7 26. Rxg6+ Kf7 27. Re1
Bxe3+ 28. Rxe3 Ne5 29. Rh6 Nxd3+ 30. Rxd3 Qb6 31. b3 Rd8 32. Rhxd6 Rxd6 33.
Rxd6 a4 34. Ne4 Bxe4 35. fxe4 Qb4 36. Ke2 Qb6 37. Rd5 Qg6 38. Rf5+ Ke7 39. Kf3
b6 40. g4 Qd6 41. Ke3 Qd4+ 42. Kf4 Qd2+ 43. Kg3 Qxa2 0-1

[Event "Labour Day op"]
[Site "Langley CAN"]
[Date "2010.09.04"]
[Round "1.10"]
[White "Doknjas, John"]
[Black "Yonkman, Trevor"]
[Result "1-0"]
[WhiteElo "1917"]
[BlackElo "1360"]
[PlyCount "57"]
[EventDate "2010.09.04"]
[EventType "swiss"]
[EventRounds "6"]
[EventCountry "CAN"]

1. d4 Nf6 2. c4 g6 3. Nc3 d5 4. cxd5 Nxd5 5. e4 Nxc3 6. bxc3 Bg7 7. Nf3 c5 8.
Rb1 Nc6 9. d5 Ne5 10. Nxe5 Bxe5 11. Bb5+ Bd7 12. Bxd7+ Qxd7 13. c4 O-O 14. O-O
a6 15. a4 Rab8 16. a5 Qc7 17. Rb6 Bxh2+ 18. Kh1 f5 19. f4 Bg3 20. Qb3 Bh4 21.
e5 Kh8 22. g3 g5 23. gxh4 gxh4 24. e6 Rg8 25. Bb2+ Rg7 26. Rg1 Rbg8 27. Bxg7+
Rxg7 28. Qb2 Qxf4 29. Qxg7# 1-0

[Event "Labour Day op"]
[Site "Langley CAN"]
[Date "2010.09.04"]
[Round "1.11"]
[White "Doknjas, Joshua"]
[Black "Langingin, Jofrel"]
[Result "0-1"]
[WhiteElo "1316"]
[BlackElo "1911"]
[PlyCount "100"]
[EventDate "2010.09.04"]
[EventType "swiss"]
[EventRounds "6"]
[EventCountry "CAN"]

1. e4 c5 2. Nf3 Nc6 3. d4 cxd4 4. Nxd4 d6 5. Nc3 Nf6 6. f3 g6 7. Be3 Bg7 8. Qd2
Nxd4 9. Bxd4 O-O 10. g4 Qa5 11. g5 Nh5 12. Bxg7 Kxg7 13. Nd5 Qxd2+ 14. Kxd2 e6
15. Ne3 Rd8 16. c4 b6 17. Rd1 Bb7 18. Kc1 Rac8 19. Kb1 Rc5 20. h4 h6 21. gxh6+
Kxh6 22. b3 f5 23. Bh3 Nf4 24. Ka1 fxe4 25. Ng4+ Kg7 26. fxe4 Bxe4 27. Rh2 Bf5
28. Nf2 Kf6 29. Ng4+ Ke7 30. Nf2 Nxh3 31. Nxh3 Rh8 32. Nf2 g5 33. h5 b5 34. Rc1
d5 35. Rch1 bxc4 36. bxc4 Rxc4 37. Nd1 d4 38. Rg1 Rc1+ 39. Kb2 Rb1+ 40. Ka3
Rhb8 41. h6 R8b6 42. Nb2 Rxg1 43. h7 Bxh7 44. Rxh7+ Kf6 45. Rxa7 Rg3+ 46. Ka4
Rxb2 47. a3 d3 48. Ka5 d2 49. Ka4 d1=Q+ 50. Ka5 Rxa3# 0-1